Statistics for 15 Famous Australians Quiz

Click here to take the quiz!

General Stats

  • This quiz has been taken 16 times
  • The average score is 5 of 15

Answer Stats

ClueAnswer% Correct
The Crocodile Hunter and founder of Australia ZooSteve Irwin
100%
Legendary cricketer with an average of 99.94Donald Bradman
85%
International media mogul and founder of News LimitedRupert Murdoch
85%
Bush poet known for 'The Man From Snowy River'Banjo Paterson
46%
Hollywood's highest-paid star in the 1930s known for 'The Adventures of Robin Hood' and 'Captain Blood'Errol Flynn
46%
Australian entrepreneur, aviator, philanthropist and passionate advocate for all things Australian made and ownedDick Smith
31%
Australian saint who started the Sisters of St JosephMary Mackillop
31%
Indigenous land rights activist who challenged the claim of 'terra nullius'Eddie Mabo
23%
Australia's first prime minister serving from 1901 to 1903Edmund Barton
15%
Australia's longest-serving Prime Minister spending 17 years in officeRobert Menzies
15%
Pioneer advocate for women's and children's rights and founder of the Children's Protection Society (the precursor to the Children's Court_Edith Cowan
0%
Straight shooting ophthalmologist who gave sight to thousands of Indigenous Australians and AfricansFred Hollows
0%
Opera singer who for several decades dominated the world of bel canto operaJoan Sutherland
0%
Founder of the Royal Flying Doctor ServiceJohn Flynn
0%
Soldier, administrator and engineer who led the Australian Imperial Forces in WWIJohn Monash
0%

Score Distribution

Percentile by Number Answered

Percent of People with Each Score

Your Score History

You have not taken this quiz